|
|
|
|
| LEADER |
00854 a2200217 4500 |
| 005 |
20151026133150.0 |
| 008 |
130312t xxu||||| |||| 00| 0 eng d |
| 080 |
|
|
|a 606:61+62
|b SAN
|
| 100 |
|
|
|a Santin, Matteo; ed.
|e ed. by.
|9 23166
|
| 245 |
|
|
|a Biomimetic, bioresponsive and bioactive materials
|b introduction to integrating materials with tissues
|c ed. by Matteo Santin and Gray Philips
|
| 300 |
|
|
|a xiii, 233p.
|
| 653 |
|
|
|a Biomimetic polymers
|
| 653 |
|
|
|a Biomimetics - Biotechnology
|
| 653 |
|
|
|a Tissues - mechanical properties
|
| 653 |
|
|
|a Biomaterials
|
| 700 |
|
|
|a Phillips, Gary; ed. by.
|9 23165
|
| 942 |
|
|
|c BK
|6 _
|
| 260 |
|
|
|b John Wiley
|c 2012
|a New Jersey
|9 22877
|
| 020 |
|
|
|a 9780470056714
|
| 999 |
|
|
|c 64348
|d 64348
|
| 952 |
|
|
|0 0
|1 0
|2 udc
|4 0
|6 6066162_SAN
|7 0
|9 76728
|a UL
|b UL
|d 2012-12-10
|e 94
|g 0.00
|o 606:61+62 SAN
|p 00068013
|r 2012-12-10
|v 0.00
|w 2012-12-10
|y BK
|